000 00600nam a2200241Ia 4500
008 160216s9999 xx 000 0 und d
020 _a971-08-6356-8
050 _aFIL AZ 186
050 _b.P45Z85 2004 c.4
100 _aZulueta, Francisco M.
245 4 _aThe Humanities /
245 _cFrancisco M. Zulueta.
260 _aMandaluyong:
260 _bNational Book Store,
260 _c2003
300 _a307 pages :
300 _bill. ;
300 _c22 cm.
500 _aIncludes index.
650 _aHumanities --
650 _aPhilippines.
650 _xStudy and teaching.
999 _c290931
_d290931